From atoms to stars.

Bibliographic Details
Main Author: Davidson, Martin
Format: Book
Language:English
Published: London, New York : Hutchinson's Scientific & Technical Publications, [1946]
Edition:[2d ed.].
Subjects:

MARC

Tag First Indicator Second Indicator Subfields
LEADER 00000cam a2200000 4500
001 in00000052182
005 20151007070020.0
008 750606s1946 nyu b 00000 eng u
010 |a a 51002769  
035 |a (OCoLC)01377779 
035 |9 AAE3161AM 
040 |c GAT  |d TXA  |d UtOrBLW 
049 |a TXAM  |c [194885] 
050 0 |a QB44  |b .D38 
092 |a 523  |b D253f2 
100 1 |a Davidson, Martin. 
245 1 0 |a From atoms to stars. 
250 |a [2d ed.]. 
264 1 |a London,  |a New York :  |b Hutchinson's Scientific & Technical Publications,  |c [1946] 
300 |a 188 pages :  |b illustrations ;  |c 22 cm. 
336 |a text  |b txt  |2 rdacontent 
337 |a unmediated  |b n  |2 rdamedia 
338 |a volume  |b nc  |2 rdacarrier 
504 |a Includes bibliographies. 
650 0 |a Astronomy. 
650 0 |a Nuclear physics. 
999 |a MARS 
999 f f |s dd703c32-b047-32c3-a732-2df19238bd8f  |i 36e00e45-a3fd-327b-8582-ed6b9b2f2174  |t 0 
952 f f |p normal  |a Texas A&M University  |b College Station  |c Sterling C. Evans Library  |d Evans: Library Stacks  |t 0  |e QB44 .D38  |h Library of Congress classification  |i unmediated -- volume  |m A14800899781 
998 f f |a QB44 .D38  |t 0  |l Evans: Library Stacks